| 000 | 00368 a2200169 4500 | ||
|---|---|---|---|
| 001 | 187750 | ||
| 020 | _a85-02-04961-5 | ||
| 040 | _cMagnum | ||
| 100 | _aPaes, João Francisco | ||
| 240 | 1 | 0 |
_aEca! dá um bucadim... _lpor |
| 245 | 1 | 0 | _aEca! dá um bucadim... |
| 300 | _a24 | ||
| 362 | 0 | _a2005 | |
| 440 | 1 | _aSaraiva | |
| 697 | _aLITERATURA INFANTO | ||
| 942 | _cBK | ||
| 999 |
_c187750 _d187750 |
||